X v A and others (Record no. 62263)

MARC details
000 -LEADER
fixed length control field 01171cam a2200217 4500
001 - CONTROL NUMBER
control field ABS61821
008 - FIXED-LENGTH DATA ELEMENTS--GENERAL INFORMATION
fixed length control field 000000n2000 000 0 eng u
035 ## - SYSTEM CONTROL NUMBER
System control number (Sirsi) u103686
245 ## - TITLE STATEMENT
Title X v A and others
260 ## - PUBLICATION, DISTRIBUTION, ETC.
Date of publication, distribution, etc. 2000
490 ## - SERIES STATEMENT
Series statement Estates Gazette
Volume/sequential designation [2000] 01 EG 94-97(4)
520 ## - SUMMARY, ETC.
Summary, etc. ChD 30 July 1999. Claimant was sole trustee of a will. Testator died leaving his residuary estate, including land to his widow with remainder to his children. Following death of the widow, defendants became entitled to the residuary estate. Trustee was concerned about potential effect of the Environmental Protection Act 1990 which would impose liability on owners of land for cleaning up contaminated land. Trustee sought directios as to whether it had a lien over the trust fund for liabilities."Held" the lien of a trust fund extends to all the liabilities of the trustee including liabilities under the Environmental Protection Act 1990 Part IIA.
590 ## - LOCAL NOTE (RLIN)
Local note ABS
650 ## - SUBJECT ADDED ENTRY--TOPICAL TERM
Topical term or geographic name entry element CONTAMINATED LAND
650 ## - SUBJECT ADDED ENTRY--TOPICAL TERM
Topical term or geographic name entry element LIABILITY
650 ## - SUBJECT ADDED ENTRY--TOPICAL TERM
Topical term or geographic name entry element ENVIRONMENTAL PROTECTION ACT 1990
650 ## - SUBJECT ADDED ENTRY--TOPICAL TERM
Topical term or geographic name entry element POLLUTION
650 ## - SUBJECT ADDED ENTRY--TOPICAL TERM
Topical term or geographic name entry element TRUST FUNDS
690 ## - LOCAL SUBJECT ADDED ENTRY--TOPICAL TERM (OCLC, RLIN)
Topical term or geographic name as entry element LAW-CASE LAW
942 ## - ADDED ENTRY ELEMENTS (KOHA)
Suppress in OPAC 0
Holdings
Withdrawn status Lost status Source of classification or shelving scheme Damaged status Not for loan Home library Current library Shelving location Date acquired Total Checkouts Full call number Barcode Date last seen Copy number Price effective from Koha item type
    Dewey Decimal Classification     London London Journal article 19/01/2000   ABS61821 103686-1001 06/08/2019 1 06/08/2019 Law report